Total quality management / (Record no. 3706)

000 -LEADER
fixed length control field 00326nam a22001217a 4500
008 - FIXED-LENGTH DATA ELEMENTS--GENERAL INFORMATION
fixed length control field 200626b ||||| |||| 00| 0 eng d
100 ## - MAIN ENTRY--PERSONAL NAME
9 (RLIN) 3036
Personal name Besterfield, D. H.
245 10 - TITLE STATEMENT
Title Total quality management /
260 ## - PUBLICATION, DISTRIBUTION, ETC. (IMPRINT)
Place of publication, distribution, etc Mumbai :
Name of publisher, distributor, etc Prentice Hall of India,
Date of publication, distribution, etc 2007.
300 ## - PHYSICAL DESCRIPTION
Extent x.
650 #0 - SUBJECT ADDED ENTRY--TOPICAL TERM
Topical term or geographic name as entry element Total quality management
942 ## - ADDED ENTRY ELEMENTS (KOHA)
Item type Books
Holdings
Withdrawn status Lost status Source of classification or shelving scheme Damaged status Not for loan Permanent location Current location Date acquired Source of acquisition Full call number Barcode Date last seen Koha item type Cost, normal purchase price Cost, replacement price
          IMU Kolkata IMU Kolkata 2008-02-21 B. Bros & Co. 658.4013 B5618 09992 2022-02-14 Books    
          IMU Kolkata IMU Kolkata 2020-07-01 12     2020-07-01 Books 375.00 375.00
Designed and Maintained by IMU-KC Library, Kolkata Campus © Copyright All Rights Reserved

webs counters

Powered by Koha